[Event "ICS Rated blitz match"]
[Site "204.178.125.65"]
[Date "2000.02.02"]
[Round "?"]
[White "Hossa"]
[Black "PostModernist"]
[Result "1-0"]
[WhiteElo "2300"]
[BlackElo "2482"]
[PlyCount "145"]

1. e4 c5 2. Nf3 d6 3. d4 Nf6 4. dxc5 Nxe4 5. cxd6 e6 6. Bb5+ Bd7 7. Bd3 Nxd6 8.
O-O Be7 9. Nc3 Nc6 10. Bf4 Qb6 11. Bxd6 Bxd6 12. Be4 Be7 13. Rb1 O-O-O 14. Qe2
Bf6 15. Rfd1 Kb8 16. Nb5 g5 17. Nd6 g4 18. Nxf7 gxf3 19. Qxf3 Bd4 20. Nxd8 Rxd8
21. c3 Be5 22. Qh5 Bc7 23. Qxh7 Ne5 24. Rd2 Rf8 25. Qg7 Rf4 26. Qg8+ Bc8 27.
Rd4 Nc6 28. Bxc6 Rxd4 29. cxd4 Qxc6 30. Qg5 Qc2 31. Rc1 Qxb2 32. Qc5 Qb6 33. h4
Qxc5 34. Rxc5 b6 35. Rc2 Bd8 36. h5 Bb7 37. f4 Be4 38. Rb2 Bf6 39. Rd2 Be7 40.
Kf2 Bb4 41. Re2 Bd5 42. Ke3 Bf8 43. g4 b5 44. g5 Bc4 45. Rh2 e5 46. dxe5 Bg8
47. f5 Bc5+ 48. Ke4 Bg1 49. Rb2 Kc7 50. Rxb5 Kc6 51. a4 a6 52. Rb2 Bd5+ 53. Kf4
Bd4 54. Rc2+ Kb6 55. h6 Bb3 56. Rd2 Bc3 57. Rd6+ Ka5 58. h7 Bc4 59. h8=Q Kxa4
60. Qc8 Kb3 61. Rb6+ Bb4 62. g6 a5 63. f6 Kc3 64. Rxb4 Kxb4 65. Qb8+ Kc3 66.
Qb6 a4 67. f7 Bxf7 68. Qe3+ Kc2 69. Qe2+ Kb1 70. Qd3+ Kc1 71. gxf7 Kb2 72. f8=Q
Kc1 73. Qfa3# 1-0

[Event "ICS rated standard match"]
[Site "204.178.125.65"]
[Date "2000.02.02"]
[Round "?"]
[White "Hossa"]
[Black "lasseh"]
[Result "1-0"]
[WhiteElo "2179"]
[BlackElo "2121"]
[PlyCount "71"]

1. e4 c5 2. Nf3 Nc6 3. d4 cxd4 4. Nxd4 g6 5. Nc3 Bg7 6. Be3 Qb6 7. Nd5 Qa5+ 8.
Bd2 Qd8 9. Nb5 Be5 10. Bc3 Bxc3+ 11. Nbxc3 e6 12. Ne3 Nge7 13. Qd6 O-O 14.
O-O-O f5 15. e5 h5 16. Nc4 Kg7 17. f4 a6 18. Qd2 Qc7 19. Nd6 Nb8 20. Bc4 b5 21.
Bb3 Bb7 22. Ne2 Bxg2 23. Rhg1 Bf3 24. Rdf1 Bg4 25. Nd4 Kg8 26. Qd3 h4 27. h3
Bh5 28. Rg5 Kh7 29. Bxe6 Nbc6 30. Rxh5+ gxh5 31. Qd1 Kh6 32. N4xf5+ Nxf5 33.
Nxf5+ Rxf5 34. Bxf5 Rd8 35. Rg1 Ne7 36. Rg5 1-0

[Event "ICS Rated blitz match"]
[Site "204.178.125.65"]
[Date "2000.02.02"]
[Round "?"]
[White "Hossa"]
[Black "MysticWarrior"]
[Result "0-1"]
[WhiteElo "2353"]
[BlackElo "2695"]
[PlyCount "132"]

1. e4 e5 2. Nf3 Nc6 3. Bb5 a6 4. Ba4 Nf6 5. O-O Be7 6. c3 Nxe4 7. Re1 Nc5 8.
Bxc6 dxc6 9. Nxe5 O-O 10. d4 Nd7 11. Qh5 Nxe5 12. Qxe5 Bd6 13. Qh5 Re8 14. Be3
g6 15. Qa5 Qh4 16. g3 Qf6 17. Nd2 Bf5 18. Bh6 Re6 19. Re3 g5 20. Nf3 b6 21.
Bxg5 bxa5 22. Bxf6 Rxf6 23. c4 Rb8 24. Nh4 Bh3 25. c5 Bf8 26. g4 Bxg4 27. Rg3
Rf4 28. h3 Be7 29. Ng2 Rxd4 30. Ne3 Bh4 31. Rxg4+ Rxg4+ 32. hxg4 Rxb2 33. Kf1
Rxf2+ 34. Kg1 Rf4 35. Kh1 Bg5 36. Rb1 h5 37. Rb8+ Kg7 38. Nf5+ Kf6 39. Rg8 Rxg4
40. Ng7 Ke5 41. Ne8 Bd8 42. Rf8 Ke6 43. Kh2 Kd7 44. Rh8 Re4 45. Ng7 Bf6 46. Rh7
Be5+ 47. Kh3 Re3+ 48. Kg2 Rg3+ 49. Kh1 Rxg7 50. Rxh5 Ke6 51. Rh4 f5 52. Ra4 f4
53. Ra3 Rg3 54. Rxg3 fxg3 55. Kg2 Kd5 56. Kf3 Kxc5 57. Ke3 Bf4+ 58. Ke2 Kd4 59.
Kf3 Bd6 60. Ke2 Ke4 61. a4 Bc5 62. Kf1 Kf3 63. Ke1 g2 64. Kd2 g1=Q 65. Kc3 Qb1
66. Kc4 Qc2# 0-1

[Event "ICS Rated blitz match"]
[Site "204.178.125.65"]
[Date "2000.02.02"]
[Round "?"]
[White "PostModernist"]
[Black "Hossa"]
[Result "1/2-1/2"]
[WhiteElo "2458"]
[BlackElo "2349"]
[PlyCount "225"]

1. e4 e5 2. Nf3 Nc6 3. Bc4 Bc5 4. c3 Nf6 5. d3 d6 6. Nbd2 O-O 7. O-O Bb6 8. Bb3
Na5 9. Nc4 Nxc4 10. Bxc4 c6 11. Qe2 d5 12. Bb3 dxe4 13. dxe4 Qe7 14. Be3 Bxe3
15. Qxe3 Ng4 16. Qg5 Qxg5 17. Nxg5 h6 18. Nf3 Nf6 19. Nxe5 Nxe4 20. Rfe1 Nc5
21. Bc4 b5 22. b4 Nd7 23. Bb3 Nxe5 24. Rxe5 a5 25. a3 a4 26. Ba2 Ra7 27. c4 Ba6
28. Rc5 Rc8 29. Re1 Rd7 30. Bb1 g6 31. Bc2 Rd2 32. cxb5 Bxb5 33. g3 Kf8 34. Kg2
Re8 35. Rxe8+ Kxe8 36. g4 Kd7 37. Kf3 h5 38. gxh5 gxh5 39. Kg3 Ke6 40. Be4 Kd6
41. Rxh5 Ra2 42. Rh6+ Kd7 43. Rf6 Rxa3+ 44. Kf4 Ke7 45. Kg5 Rc3 46. Rf4 a3 47.
Bb1 f6+ 48. Rxf6 Rc1 49. Ba2 Rg1+ 50. Kf5 Bd3+ 51. Ke5 Rg5+ 52. Kd4 Kxf6 53.
Kxd3 Rh5 54. Kc3 Rh3+ 55. Kc4 Ke5 56. b5 Rh4+ 57. Kb3 cxb5 58. Kxa3 Rxh2 59.
Bf7 Rxf2 60. Be8 Kd4 61. Kb3 Kc5 62. Bh5 b4 63. Bg4 Rg2 64. Be6 Rg3+ 65. Kb2
Kd4 66. Bf5 Re3 67. Bh7 Rf3 68. Bg8 Rf8 69. Be6 Re8 70. Bf7 Re7 71. Bg8 Re1 72.
Bf7 Re3 73. Bg6 Rf3 74. Bh7 Rc3 75. Bf5 Kd5 76. Bg6 Rg3 77. Bf7+ Kd4 78. Kc2
Rf3 79. Be6 Rc3+ 80. Kb2 Re3 81. Bg8 Rg3 82. Bf7 Rg7 83. Be6 Rg2+ 84. Kb3 Kc5
85. Bf7 Re2 86. Bg8 Re3+ 87. Kc2 Rc3+ 88. Kb2 Rd3 89. Ka2 Rg3 90. Bf7 Rg7 91.
Be6 Rg6 92. Bf7 Rg3 93. Be6 Ra3+ 94. Kb2 Rf3 95. Bg8 Rf8 96. Be6 Rf6 97. Bg8
Rf2+ 98. Kb3 Rf1 99. Kc2 Kd4 100. Be6 Re1 101. Bg8 Re8 102. Bh7 Re7 103. Bg6
Re6 104. Bf7 Rf6 105. Bg8 Rf2+ 106. Kb3 Kc5 107. Be6 Rf6 108. Bg8 Rf8 109. Be6
Re8 110. Bf7 Re3+ 111. Kc2 Rc3+ 112. Kb2 Rh3 113. Ka2 1/2-1/2

[Event "ICS Rated blitz match"]
[Site "204.178.125.65"]
[Date "2000.02.02"]
[Round "?"]
[White "GKJunior"]
[Black "Hossa"]
[Result "1-0"]
[WhiteElo "2194"]
[BlackElo "2354"]
[PlyCount "101"]

1. e4 e5 2. Nf3 Nc6 3. d4 exd4 4. Nxd4 Nf6 5. Nxc6 bxc6 6. e5 Qe7 7. Qe2 Nd5 8.
c4 Ba6 9. Nd2 Nb6 10. Qe4 d5 11. cxd5 cxd5 12. Qe3 Bxf1 13. Kxf1 c5 14. b3 Qe6
15. Qg3 g6 16. Bb2 Bg7 17. Re1 Nd7 18. Kg1 O-O 19. f4 Rfe8 20. h4 f6 21. h5
fxe5 22. h6 Bf6 23. fxe5 d4 24. Qf4 Bxe5 25. Qf3 Rf8 26. Qe4 Rae8 27. Qb7 Qf5
28. Nf3 Bf4 29. Rf1 Re2 30. Bc1 Bxc1 31. Rxc1 Qe6 32. Rf1 Rxa2 33. Re1 Qf7 34.
Rh4 Rb2 35. Rhe4 Rxb3 36. Qxa7 Rb2 37. Qc7 Rxg2+ 38. Kxg2 Qxf3+ 39. Kg1 Qf2+
40. Kh1 Qf7 41. Kg1 Qf5 42. Qg3 Rf6 43. Qb3+ Kh8 44. Qg3 Nf8 45. Re5 Qc2 46.
R5e2 Qc4 47. Rf2 Qb4 48. Rxf6 c4 49. Qe5 Kg8 50. Rxg6+ hxg6 51. Qg7# 1-0

[Event "ICS rated blitz match"]
[Site "204.178.125.65"]
[Date "2000.02.02"]
[Round "?"]
[White "Hossa"]
[Black "JenMan"]
[Result "1-0"]
[WhiteElo "2331"]
[BlackElo "2055"]
[PlyCount "48"]

1. e4 c5 2. Nf3 Nc6 3. d4 cxd4 4. Nxd4 g6 5. Nc3 Bg7 6. Be3 Nf6 7. Bc4 Qa5 8.
O-O O-O 9. Bb3 d6 10. h3 Bd7 11. Re1 Rfe8 12. Qe2 a6 13. Nxc6 bxc6 14. Rad1 c5
15. e5 dxe5 16. Qc4 Be6 17. Qxc5 Qxc5 18. Bxc5 Bxb3 19. axb3 e6 20. f3 Rad8 21.
Bd6 Nd7 22. Bc7 f5 23. Bxd8 Rxd8 24. Rd6 Kf7 1-0

[Event "ICS Rated standard match"]
[Site "204.178.125.65"]
[Date "2000.02.02"]
[Round "?"]
[White "mko"]
[Black "Hossa"]
[Result "0-1"]
[WhiteElo "1939"]
[BlackElo "2182"]
[PlyCount "61"]

1. e4 e5 2. Nf3 Nc6 3. Bb5 a6 4. Bxc6 dxc6 5. O-O f6 6. d4 Bg4 7. dxe5 Qxd1 8.
Rxd1 fxe5 9. Rd3 Bd6 10. Nbd2 Bxf3 11. Nxf3 Nf6 12. Rb3 b6 13. Nd2 O-O-O 14. f3
Rhf8 15. Nc4 b5 16. Nxd6+ Rxd6 17. Bg5 Rfd8 18. Bxf6 gxf6 19. a4 Rd1+ 20. Rxd1
Rxd1+ 21. Kf2 Rd2+ 22. Kg3 Rxc2 23. axb5 cxb5 24. h4 Kb7 25. Kh3 Kc6 26. g4 a5
27. g5 fxg5 28. hxg5 a4 29. Rd3 Rxb2 30. Rd5 a3 31. Rxe5 0-1

[Event "ICS rated blitz match"]
[Site "204.178.125.65"]
[Date "2000.02.02"]
[Round "?"]
[White "Hossa"]
[Black "JenMan"]
[Result "1-0"]
[WhiteElo "2336"]
[BlackElo "2051"]
[PlyCount "30"]

1. e4 c5 2. Nf3 Nc6 3. d4 cxd4 4. Nxd4 g6 5. Nc3 Bg7 6. Be3 Nf6 7. Bc4 Qa5 8.
O-O O-O 9. Bb3 d6 10. h3 Bd7 11. Re1 a6 12. Qd3 Nxd4 13. Bxd4 Bc6 14. e5 dxe5
15. Rxe5 e6 1-0

[Event "ICS Rated blitz match"]
[Site "204.178.125.65"]
[Date "2000.02.02"]
[Round "?"]
[White "Crocus"]
[Black "Hossa"]
[Result "0-1"]
[WhiteElo "2112"]
[BlackElo "2341"]
[PlyCount "144"]

1. c4 e6 2. Nc3 d5 3. d4 Nf6 4. e3 Be7 5. Nf3 O-O 6. Bd3 c5 7. O-O cxd4 8. exd4
Nc6 9. b3 Nb4 10. Bb1 b6 11. a3 Nc6 12. Bb2 Ba6 13. Bd3 Rc8 14. cxd5 Bxd3 15.
Qxd3 Nxd5 16. Nxd5 Qxd5 17. Rad1 Bf6 18. Rfe1 Rfd8 19. Re4 Ne7 20. b4 Nf5 21.
g4 Nd6 22. Re2 Nc4 23. Qb3 h5 24. h3 Nxb2 25. Qxd5 Rxd5 26. Rxb2 Rc3 27. Kg2
Rxa3 28. gxh5 Rf5 29. Nh2 Rxh5 30. f3 Rb5 31. Ng4 Be7 32. Rdb1 Ra4 33. Ne5
Raxb4 34. Rxb4 Rxb4 35. Rxb4 Bxb4 36. Nc6 a5 37. Kf2 Bd6 38. Ke2 a4 39. Kd3 b5
40. Na7 b4 41. Nb5 a3 42. Kc2 Bb8 43. Kb3 g5 44. d5 exd5 45. Nd4 Bd6 46. Nf5
Bc5 47. h4 gxh4 48. Nxh4 Kh7 49. Ng2 d4 50. Nf4 Bd6 51. Nd3 Kg6 52. Nc1 Kf5 53.
Kc4 Kf4 54. Kxd4 Kxf3 55. Nb3 Kf4 56. Kd5 Be7 57. Kc4 a2 58. Kb5 Bf6 59. Kxb4
a1=Q 60. Nxa1 Bxa1 61. Kc4 Ke3 62. Kd5 Kd3 63. Kd6 f5 64. Ke6 f4 65. Kd5 f3 66.
Ke6 f2 67. Kd5 f1=Q 68. Kd6 Kc4 69. Ke6 Kc5 70. Ke7 Kc6 71. Ke8 Kd6 72. Kd8
Qf8# 0-1

[Event "ICS Rated blitz match"]
[Site "204.178.125.65"]
[Date "2000.02.02"]
[Round "?"]
[White "Hossa"]
[Black "Crocus"]
[Result "1-0"]
[WhiteElo "2347"]
[BlackElo "2103"]
[PlyCount "33"]

1. e4 d6 2. d4 f6 3. Bc4 e6 4. Nf3 Ne7 5. O-O c6 6. Be3 d5 7. Bd3 Ng6 8. Qe2
Be7 9. c4 Kf7 10. Nc3 b6 11. exd5 cxd5 12. cxd5 exd5 13. Nxd5 Bb7 14. Nxe7 Nxe7
15. Rfe1 g6 16. Bh6 Re8 17. Qe6# 1-0

[Event "ICS Rated blitz match"]
[Site "204.178.125.65"]
[Date "2000.02.02"]
[Round "?"]
[White "Crocus"]
[Black "Hossa"]
[Result "0-1"]
[WhiteElo "2096"]
[BlackElo "2353"]
[PlyCount "26"]

1. e4 e5 2. Nf3 Nc6 3. d4 exd4 4. Nxd4 Nf6 5. Nxc6 bxc6 6. Bd3 d5 7. e5 Ng4 8.
f4 Bc5 9. Qf3 O-O 10. g3 Nf2 11. Rf1 Bg4 12. Qg2 Bh3 13. Qg1 Nxd3+ 0-1

[Event "ICS Rated blitz match"]
[Site "204.178.125.65"]
[Date "2000.02.02"]
[Round "?"]
[White "Shiroff"]
[Black "Hossa"]
[Result "0-1"]
[WhiteElo "2225"]
[BlackElo "2359"]
[PlyCount "62"]

1. e4 e5 2. Nf3 Nc6 3. d4 exd4 4. Nxd4 Nf6 5. Nc3 Bb4 6. Nxc6 bxc6 7. Bd3 Bxc3+
8. bxc3 d5 9. e5 Qe7 10. f4 O-O 11. O-O Qc5+ 12. Kh1 Ne4 13. Bxe4 dxe4 14. Qe1
Ba6 15. Be3 Qa5 16. Rf2 Bc4 17. f5 Qxe5 18. Bd4 Qd5 19. f6 g5 20. Qe3 Kh8 21.
a3 a5 22. Re1 Rfe8 23. g4 Qd7 24. Rf5 Be6 25. Rxg5 Bxg4 26. Rg7 Bf3+ 27. Kg1
Qh3 28. Rg3 Rg8 29. Rg7 Rxg7+ 30. fxg7+ Kg8 31. Qf4 Qg2# 0-1

[Event "ICS Rated blitz match"]
[Site "204.178.125.65"]
[Date "2000.02.02"]
[Round "?"]
[White "Hossa"]
[Black "Shiroff"]
[Result "0-1"]
[WhiteElo "2369"]
[BlackElo "2215"]
[PlyCount "114"]

1. e4 e5 2. Nf3 Nc6 3. Bb5 Nf6 4. O-O Bc5 5. Nxe5 Nd4 6. Bc4 Qe7 7. Nxf7 d5 8.
Nxh8 Bg4 9. Bb5+ c6 10. f3 Nxf3+ 11. Kh1 Nxh2 12. Qe1 Nxf1 13. Bxf1 Nxe4 14. d4
Bxd4 15. Be3 Bxb2 16. Nd2 Bxa1 17. Qxa1 Nxd2 18. Bxd2 O-O-O 19. Qd4 Be2 20.
Qxa7 Bxf1 21. Qa8+ Kd7 22. Qxb7+ Ke8 23. Qxe7+ Kxe7 24. Bg5+ Kd7 25. Bxd8 Kxd8
26. Nf7+ Ke7 27. Ng5 h6 28. Nf3 Kd6 29. a4 c5 30. Kg1 Ba6 31. Kf2 d4 32. Ne1
Kd5 33. a5 c4 34. Kf3 Kc5 35. Ke4 Bb7+ 36. Ke5 g5 37. g3 Ba6 38. Ke4 Bb7+ 39.
Ke5 Ba6 40. Ke4 Bc8 41. Ke5 h5 42. Kf6 h4 43. gxh4 gxh4 44. Nf3 h3 45. a6 Bxa6
46. Ke6 Bb7 47. Nh2 d3 48. cxd3 cxd3 49. Kf5 d2 50. Kf6 d1=Q 51. Kg7 Qg1+ 52.
Kf7 Qxh2 53. Kg6 Qf2 54. Kg5 h2 55. Kg4 h1=Q 56. Kg5 Qhg1+ 57. Kh5 Qfh2# 0-1

[Event "ICS Rated blitz match"]
[Site "204.178.125.65"]
[Date "2000.02.02"]
[Round "?"]
[White "Hossa"]
[Black "Zippy"]
[Result "1-0"]
[WhiteElo "2364"]
[BlackElo "2210"]
[PlyCount "135"]

1. e4 e5 2. Nf3 d6 3. d4 Nf6 4. Nc3 Nbd7 5. Bc4 Be7 6. O-O O-O 7. Be3 Nb6 8.
Bb3 exd4 9. Bxd4 c5 10. Bxf6 Bxf6 11. Qd3 Bg4 12. Nd2 Be6 13. Rad1 Qd7 14. Rfe1
Bxb3 15. cxb3 Rad8 16. Nc4 Nxc4 17. Qxc4 Be5 18. Qd5 b6 19. a3 Qg4 20. Re3 Rde8
21. Nb5 Bf4 22. Ree1 Re5 23. Qb7 f5 24. Nxd6 fxe4 25. Nxe4 Rfe8 26. Rd7 Qg6 27.
f3 a5 28. g3 Bxg3 29. hxg3 Rxe4 30. Rxg7+ Qxg7 31. Qxg7+ Kxg7 32. Rxe4 Rxe4 33.
fxe4 Kf6 34. Kf2 Ke5 35. Ke3 h6 36. Kf3 h5 37. Ke3 b5 38. Kf3 a4 39. bxa4 bxa4
40. Ke3 Kd6 41. Kf4 Ke6 42. e5 Kd7 43. Kf5 Ke7 44. e6 Kd8 45. Ke4 Ke8 46. Ke5
Kd8 47. Kd6 c4 48. Kd5 Ke8 49. Kc5 Ke7 50. Kxc4 Kxe6 51. b4 axb3 52. Kxb3 Kd5
53. Kc3 Ke4 54. Kc4 Ke5 55. Kc5 Ke6 56. Kc6 Kf5 57. a4 Kg4 58. a5 Kxg3 59. a6
h4 60. a7 h3 61. a8=Q h2 62. Kd6 Kf4 63. Qh1 Kg3 64. Ke5 Kf2 65. Ke4 Ke2 66.
Qxh2+ Ke1 67. Ke3 Kd1 68. Qd2# 1-0

[Event "ICS Rated blitz match"]
[Site "204.178.125.65"]
[Date "2000.02.02"]
[Round "?"]
[White "Zippy"]
[Black "Hossa"]
[Result "1-0"]
[WhiteElo "2201"]
[BlackElo "2373"]
[PlyCount "129"]

1. e4 e5 2. Nf3 Nc6 3. Bb5 a6 4. Ba4 Nf6 5. O-O Be7 6. Bxc6 dxc6 7. Nxe5 Nxe4
8. d3 Nf6 9. Re1 O-O 10. Nc3 Nd5 11. Ne4 f6 12. Nc4 f5 13. Ned2 Re8 14. c3 Bd6
15. Nf3 Re6 16. Bg5 Qe8 17. Nxd6 cxd6 18. c4 Rxe1+ 19. Qxe1 Qxe1+ 20. Rxe1 Nb4
21. d4 Nd3 22. Re8+ Kf7 23. Re7+ Kg6 24. b3 c5 25. dxc5 dxc5 26. Bd2 b5 27. Bc3
Nc1 28. Rxg7+ Kh6 29. Re7 Nxa2 30. Bd2+ Kg6 31. h4 h6 32. Rc7 bxc4 33. Rc6+ Kf7
34. bxc4 h5 35. Rxc5 Rb8 36. g3 Ke6 37. Nd4+ Kf6 38. Kg2 Kg6 39. Nf3 Kg7 40.
Bf4 Ra8 41. Nd4 Kg6 42. Rc6+ Kf7 43. Rc7+ Kg8 44. Bd2 Rb8 45. c5 Ra8 46. Kf3
Kh8 47. c6 a5 48. Bxa5 Ba6 49. Rd7 Bd3 50. c7 Rg8 51. Rd8 Be4+ 52. Kf4 Bb7 53.
Nxf5 Kh7 54. f3 Rh8 55. Bb6 Bc8 56. Bd4 Kg6 57. Ne7+ Kf7 58. Nxc8 Rh6 59. Nd6+
Rxd6 60. Rxd6 Ke7 61. Be5 Nc3 62. c8=Q Ne2+ 63. Kf5 Nxg3+ 64. Bxg3 Kf7 65. Rd7#
1-0

[Event "ICS Rated blitz match"]
[Site "204.178.125.65"]
[Date "2000.02.02"]
[Round "?"]
[White "Hossa"]
[Black "Slivovitz"]
[Result "1-0"]
[WhiteElo "2350"]
[BlackElo "2231"]
[PlyCount "28"]

1. e4 e6 2. d4 d5 3. Nc3 Bb4 4. a3 Bxc3+ 5. bxc3 dxe4 6. Qg4 Nf6 7. Qxg7 Rg8 8.
Qh6 Rg6 9. Qf4 Nc6 10. Ne2 Ne7 11. c4 Nf5 12. c3 Bd7 13. Ng3 Rg4 14. Qe5 Nd6
1-0

[Event "ICS Rated blitz match"]
[Site "204.178.125.65"]
[Date "2000.02.02"]
[Round "?"]
[White "Slivovitz"]
[Black "Hossa"]
[Result "0-1"]
[WhiteElo "2220"]
[BlackElo "2361"]
[PlyCount "29"]

1. e4 e5 2. Nf3 Nc6 3. Bc4 Bc5 4. Nc3 Nf6 5. d3 O-O 6. a3 d6 7. Bg5 h6 8. h4
hxg5 9. hxg5 Ng4 10. g6 Bxf2+ 11. Ke2 Be6 12. Bxe6 fxe6 13. Qd2 Be3 14. Qe1
Nd4+ 15. Kd1 0-1

[Event "ICS Rated blitz match"]
[Site "204.178.125.65"]
[Date "2000.02.02"]
[Round "?"]
[White "Hossa"]
[Black "Slivovitz"]
[Result "1-0"]
[WhiteElo "2371"]
[BlackElo "2210"]
[PlyCount "26"]

1. e4 e6 2. d4 d5 3. Nc3 Bb4 4. a3 Bxc3+ 5. bxc3 dxe4 6. Qg4 Nf6 7. Qxg7 Rg8 8.
Qh6 b6 9. Bg5 Nbd7 10. Bb5 Rg6 11. Qh4 Kf8 12. Bc6 Ba6 13. Nh3 h6 1-0

[Event "ICS Rated blitz match"]
[Site "204.178.125.65"]
[Date "2000.02.02"]
[Round "?"]
[White "PackMaster"]
[Black "Hossa"]
[Result "1-0"]
[WhiteElo "2483"]
[BlackElo "2380"]
[PlyCount "105"]

1. e4 e5 2. Nc3 Nf6 3. g3 d5 4. exd5 Nxd5 5. Bg2 Nxc3 6. bxc3 Bd6 7. Nf3 c5 8.
O-O Nc6 9. d4 cxd4 10. cxd4 exd4 11. Nxd4 Nxd4 12. Qxd4 Be7 13. Qxd8+ Bxd8 14.
Re1+ Be6 15. Bxb7 Rb8 16. Rb1 Bb6 17. Bc6+ Kf8 18. Rb2 Rc8 19. Bb7 Rc7 20. Ba6
h5 21. Bf4 Rc3 22. Be5 Rc6 23. Bb7 Rc4 24. Bg2 h4 25. c3 h3 26. Bf1 Rc8 27. Re4
Kg8 28. Ba6 Rc5 29. Bd4 Rc6 30. Bb5 Rd6 31. Bf1 Rh6 32. Be5 Rd1 33. Bf4 f5 34.
Reb4 Rh5 35. c4 g5 36. Be5 Rc1 37. a4 Kf7 38. a5 Bxa5 39. Rb7+ Ke8 40. Bf6
Rxf1+ 41. Kxf1 Bxc4+ 42. Kg1 Bb6 43. Rb1 Ba6 44. Re1+ Kf8 45. Rd7 Bb5 46. Rd5
Kf7 47. Bc3 Bc4 48. Rd7+ Kg6 49. Rg7+ Kh6 50. Re8 Bd4 51. Bxd4 Bg8 52. Rexg8 a5
53. Rh8# 1-0

[Event "ICS Rated standard match"]
[Site "204.178.125.65"]
[Date "2000.02.02"]
[Round "?"]
[White "Hossa"]
[Black "Chief-Justice"]
[Result "1-0"]
[WhiteElo "2188"]
[BlackElo "1882"]
[PlyCount "39"]

1. e4 e5 2. Nf3 Nc6 3. Bb5 d6 4. d4 Bd7 5. O-O Nf6 6. Nc3 Be7 7. dxe5 dxe5 8.
Qe2 Nd4 9. Nxd4 exd4 10. e5 Ng8 11. Qg4 dxc3 12. Bxd7+ Qxd7 13. Qxg7 cxb2 14.
Bxb2 O-O-O 15. Qxh8 Nf6 16. Qg7 Rg8 17. exf6 Rxg7 18. fxg7 Qg4 19. Rfe1 Kd8 20.
Bf6 1-0

[Event "ICS Rated bullet match"]
[Site "204.178.125.65"]
[Date "2000.02.02"]
[Round "?"]
[White "Tinker"]
[Black "Hossa"]
[Result "0-1"]
[WhiteElo "2341"]
[BlackElo "2415"]
[PlyCount "172"]

1. e4 e5 2. Nf3 Nc6 3. Bb5 Nf6 4. Bxc6 dxc6 5. O-O Bg4 6. h3 Bh5 7. d3 Bd6 8.
Bg5 h6 9. Bxf6 Qxf6 10. Nbd2 O-O-O 11. a4 g5 12. a5 a6 13. Qe1 Rhg8 14. Qe3 g4
15. hxg4 Bxg4 16. Rfb1 Bh3 17. Ne1 Qh4 18. Ndf3 Qh5 19. Nh2 Rxg2+ 20. Nxg2 Rg8
21. Qf3 Rxg2+ 22. Qxg2 Bxg2 23. Kxg2 Qg5+ 24. Kh1 Qd2 25. Rg1 Qxc2 26. Rg8+ Kd7
27. f3 Qxb2 28. Rag1 Bb4 29. Ng4 Bxa5 30. Rh8 Bb6 31. Re1 Bd4 32. Rxh6 Qc2 33.
Rf6 Ke8 34. Rh6 Qxd3 35. Rh8+ Ke7 36. Kg2 Qd2+ 37. Kf1 Qc3 38. Rh3 b5 39. Re2
a5 40. Reh2 Qd3+ 41. Ke1 a4 42. Nh6 Bc3+ 43. Kf2 Qd2+ 44. Kf1 Qc1+ 45. Kg2 Ke6
46. Nf5 Qd2+ 47. Kg3 Qe1+ 48. Kg4 Qg1+ 49. Ng3 b4 50. Rh1 Qe3 51. Rh6+ f6 52.
Rh8 Qf4+ 53. Kh3 Qxf3 54. Re8+ Kd7 55. Rh8 Bd4 56. Kh2 Ke6 57. Rf1 Qd3 58. Kh3
Kf7 59. Rh7+ Kg6 60. Rxc7 Qc4 61. Rf3 Qc1 62. Rf1 Qh6+ 63. Kg2 Qd2+ 64. Kh1 Qc3
65. Kh2 c5 66. Kh3 Qd2 67. Nf5 Qd3+ 68. Ng3 Qa6 69. Kg2 a3 70. Rh1 Qc4 71. Rh4
Be3 72. Nf5 Qe2+ 73. Kh3 Qf1+ 74. Kg4 Qg2+ 75. Ng3 Bf4 76. Rh3 Qg1 77. Kf3 a2
78. Ra7 a1=Q 79. Rxa1 Qxa1 80. Nh5 Qf1+ 81. Kg4 Qg2+ 82. Rg3 Bxg3 83. Nxg3 b3
84. Kh4 b2 85. Kg4 b1=Q 86. Kh4 c4 0-1

[Event "ICS Rated bullet match"]
[Site "204.178.125.65"]
[Date "2000.02.02"]
[Round "?"]
[White "Hossa"]
[Black "Tinker"]
[Result "1-0"]
[WhiteElo "2428"]
[BlackElo "2328"]
[PlyCount "137"]

1. e4 e5 2. Nf3 Nf6 3. Nxe5 d6 4. Nf3 Nxe4 5. c4 Be7 6. d4 O-O 7. Bd3 Bf5 8.
O-O d5 9. Qb3 Nd7 10. Qc2 Ndf6 11. cxd5 Re8 12. g4 Bxg4 13. Bxe4 Bh3 14. Re1
Bb4 15. Bd2 Nxe4 16. Rxe4 Bxd2 17. Nbxd2 Qd7 18. Rae1 Re7 19. Qc5 Rxe4 20. Rxe4
b6 21. Qe7 Rd8 22. Ng5 Be6 23. Qxd7 Bxd7 24. Re7 a6 25. Nxf7 Kf8 26. Nxd8 Kxe7
27. Nc6+ Bxc6 28. dxc6 Kd6 29. Nc4+ Kxc6 30. Ne3 Kd7 31. f4 a5 32. Kg2 a4 33.
Kf3 b5 34. Ng4 b4 35. b3 axb3 36. axb3 Kd6 37. Ke4 Kc6 38. Ne5+ Kb5 39. h4 Kb6
40. Kd5 g6 41. Kc4 Kb7 42. Nd7 Kc8 43. Nf8 Kd8 44. Nxh7 Ke7 45. Kd5 Kf7 46. Kc6
Ke7 47. d5 Kd8 48. Nf8 Ke8 49. Kxc7 Kxf8 50. d6 Kg7 51. d7 Kf6 52. d8=Q+ Kf5
53. Qg5+ Ke4 54. Qxg6+ Kxf4 55. Qe4+ Kxe4 56. Kd6 Kf4 57. Kc5 Kg4 58. Kxb4 Kxh4
59. Kc5 Kg4 60. Kc6 Kf5 61. b4 Ke6 62. b5 Ke5 63. b6 Kd4 64. b7 Ke4 65. b8=Q
Kf5 66. Kd5 Kg5 67. Ke5 Kg4 68. Qb3 Kg5 69. Qg3+ 1-0

[Event "ICS Rated blitz match"]
[Site "204.178.125.65"]
[Date "2000.02.02"]
[Round "?"]
[White "JudgeTurpin"]
[Black "Hossa"]
[Result "0-1"]
[WhiteElo "2480"]
[BlackElo "2369"]
[PlyCount "40"]

1. e4 e5 2. Nf3 Nc6 3. Bb5 Nf6 4. O-O Bc5 5. Nxe5 Nd4 6. Bc4 Qe7 7. Nxf7 d5 8.
Nxh8 Bg4 9. Bb5+ c6 10. f3 Nxf3+ 11. Kh1 Nxh2 12. Be2 Nxe4 13. g3 Nxg3+ 14. Kg2
Nxe2 15. Ng6 Qe4+ 16. Kxh2 Bd6+ 17. Nf4 Bxf4+ 18. Rxf4 Qxf4+ 19. Kg2 Qf3+ 20.
Kh2 Qh3# 0-1

[Event "ICS rated blitz match"]
[Site "204.178.125.65"]
[Date "2000.02.02"]
[Round "?"]
[White "Hossa"]
[Black "salzi"]
[Result "1-0"]
[WhiteElo "2390"]
[BlackElo "2018"]
[PlyCount "58"]

1. e4 c5 2. Nf3 d6 3. d4 cxd4 4. Nxd4 Nf6 5. Nc3 a6 6. Rg1 e5 7. Nf3 h6 8. Qd3
Be6 9. Be3 Qc7 10. O-O-O Nbd7 11. Qd2 Ng4 12. h3 Nxe3 13. Qxe3 Qc5 14. Qxc5
Nxc5 15. Be2 O-O-O 16. Rge1 Be7 17. b4 Nd7 18. Rd2 Nb6 19. b5 Nc4 20. Bxc4 Bxc4
21. bxa6 bxa6 22. Nd5 Bxd5 23. Rxd5 Kb7 24. h4 Rc8 25. Kd2 Rc6 26. Rb1+ Rb6 27.
Rb3 Rc8 28. Kd3 Ka7 29. Nxe5 dxe5 1-0

[Event "ICS rated blitz match"]
[Site "204.178.125.65"]
[Date "2000.02.02"]
[Round "?"]
[White "salzi"]
[Black "Hossa"]
[Result "0-1"]
[WhiteElo "2015"]
[BlackElo "2393"]
[PlyCount "28"]

1. d4 Nf6 2. c4 e6 3. Nc3 Bb4 4. Qc2 O-O 5. e4 c5 6. dxc5 Bxc5 7. Bd3 Nc6 8. a3
Nd4 9. Qd1 d5 10. Nge2 Nxe2 11. Kxe2 Ng4 12. Rf1 Qh4 13. g3 Qxh2 14. exd5 Nxf2
0-1

[Event "ICS rated blitz match"]
[Site "204.178.125.65"]
[Date "2000.02.02"]
[Round "?"]
[White "salzi"]
[Black "Hossa"]
[Result "0-1"]
[WhiteElo "2009"]
[BlackElo "2399"]
[PlyCount "56"]

1. d4 Nf6 2. c4 e6 3. Nc3 Bb4 4. Qc2 O-O 5. e4 c5 6. dxc5 Bxc5 7. f3 Nc6 8. Bg5
Qb6 9. Nge2 Bf2+ 10. Kd1 d6 11. Bxf6 gxf6 12. b3 Qc5 13. Qd2 Be3 14. Qe1 f5 15.
exf5 Qxf5 16. Ng3 Qe5 17. Bd3 Qd4 18. Ke2 f5 19. Nf1 Bf4 20. Rd1 Qc5 21. Na4
Nd4+ 22. Kf2 Qc7 23. g3 Bh6 24. Kg2 Nxf3 25. Kxf3 Qc6+ 26. Be4 fxe4+ 27. Kg2
e3+ 28. Kg1 Rf2 0-1

[Event "ICS rated blitz match"]
[Site "204.178.125.65"]
[Date "2000.02.02"]
[Round "?"]
[White "Hossa"]
[Black "salzi"]
[Result "1-0"]
[WhiteElo "2402"]
[BlackElo "2006"]
[PlyCount "77"]

1. e4 c5 2. Nf3 d6 3. d4 cxd4 4. Nxd4 Nf6 5. Nc3 a6 6. Rg1 e5 7. Nf3 h6 8. Qd3
Be6 9. Be3 Nbd7 10. O-O-O Qc7 11. Qd2 Ng4 12. h3 Nxe3 13. Qxe3 Qc5 14. Qxc5
Nxc5 15. Rh1 O-O-O 16. Be2 Be7 17. b4 Nd7 18. Rd2 Nb6 19. Rhd1 Kb8 20. Kb2 Rc8
21. b5 a5 22. Rd3 Rc5 23. Nb1 Rxb5+ 24. Ka1 Rc5 25. Rc3 Rhc8 26. Rxc5 Rxc5 27.
Bd3 Nc4 28. Ne1 b5 29. Nc3 Ka7 30. Bxc4 Bxc4 31. Nd3 Bxd3 32. Rxd3 Bf8 33. Kb2
Kb6 34. Nd5+ Kb7 35. g3 Rc8 36. Ra3 Ra8 37. Rb3 Kc6 38. Rc3+ Kd7 39. Nb6+ 1-0